000 00633nam a2200229 i 4500
001 10687
003 ES-MaACL
005 20240508123657.0
008 900614s1988 sp |||| | spa j
020 _a848641914X
080 _a860-14"19"
100 1 _aÁlvarez Ortega, Manuel,
_d1923-
_9152996
245 1 0 _aGesta /
_cManuel Alvarez Ortega.
250 _a1ª ed.
260 _aBarcelona :
_bJuan Pastor,
_c1988.
300 _a55 p. ;
_c20 cm.
490 1 _aDevenir ;
_v14
830 0 0 _aDevenir.
_pSerie Poesía ;
_v14
_9236243
852 _aES-MaACL
_jP-1931 N 14
_910980
942 _2udc
999 _c10687
_d10687